000 00407cam a22001574a 4500
005 20250605163720.0
008 250528s ||||||||||||||||||||||||d
035 _a24891
040 _aGR-AtMCL
_bgre
_dGR-AtMCL
_eAACR2
245 1 _aΕισαγωγή στον Τουρισμό
300 _a344
700 1 _aΗγουμενάκης Νίκος Γ
942 _cBK
999 _c9726
_d9726